| 000 | 00718nam a22002177a 4500 | ||
|---|---|---|---|
| 001 | 104 | ||
| 003 | BD-RjUL | ||
| 005 | 20211208233120.0 | ||
| 008 | 140806s1977 bg |||| |||| 000 0 ben d | ||
| 035 | _a(BD-RjUL)115 | ||
| 040 |
_aBD-RjUL _bben _cBD-RjUL _dBD-RjUL |
||
| 041 | _aben | ||
| 082 | 0 | 4 |
_221 _aB 891.44 _bRAA 1977 |
| 100 | 1 |
_aরফিক, আহমদ. _9347 |
|
| 245 | 1 |
_aআরেক কালান্তরে / _cআহমদ রফিক. |
|
| 260 |
_aঢাকা : _bবাংলা একােডমি, _c১৯৭৭. |
||
| 300 |
_a[৪], ১৭৬ পৃ.; _c২২ সেমি। |
||
| 650 | 0 |
_aবাংলা সাহিত্য _9572 |
|
| 650 | 0 |
_aBengali literature. _963065 |
|
| 942 |
_2ddc _cBK |
||
| 999 |
_c104 _d104 |
||